Final report / (Record no. 21576)
[ view plain ]
| 000 -LEADER | |
|---|---|
| fixed length control field | 00359cam a2200145 i 4500 |
| 040 ## - CATALOGING SOURCE | |
| Transcribing agency | RUA |
| 082 0# - DEWEY DECIMAL CLASSIFICATION NUMBER | |
| Classification number | 333 FINA 2001 C112 Or. |
| 110 1# - MAIN ENTRY--CORPORATE NAME | |
| Corporate name or jurisdiction name as entry element | Washington (State). |
| 245 10 - TITLE STATEMENT | |
| Title | Final report / |
| 300 ## - PHYSICAL DESCRIPTION | |
| Number of Pages | 3 volumes ; |
| Dimensions | 28 cm. |
| 500 ## - GENERAL NOTE | |
| General note | Cover title. |
| 500 ## - GENERAL NOTE | |
| General note | At head of title: State of Washington. |
| 650 #0 - SUBJECT ADDED ENTRY--TOPICAL TERM | |
| Topical Term | Energy conservation |
| 942 ## - ADDED ENTRY ELEMENTS (KOHA) | |
| Koha item type | ADB |
| 952 ## - LOCATION AND ITEM INFORMATION (KOHA) | |
| Withdrawn status [LOCAL, KOHA] | 0 |
| Permanent Location | Date acquired | Koha item type | Lost status | Shelving location | Barcode | Current Location | Full call number |
|---|---|---|---|---|---|---|---|
| Library Block C | 2023-07-17 | ADB | C112 | a15431 | Library Block C | 333 FINA 2001 C112 Or. |